| 000 | 00403nam a22001577a 4500 | ||
|---|---|---|---|
| 003 | CEME | ||
| 005 | 20210628210409.0 | ||
| 008 | 210419b xxu||||| |||| 00| 0 eng d | ||
| 040 | _c. | ||
| 082 | _a355.02-IP SAE'I | ||
| 100 |
_aSaeed, Ahmed Brig _979213 |
||
| 245 | _aThe indo-pak clash in the rann of kutch | ||
| 260 |
_aRAWALPINDI _bARMY EDUCATION PRESS _c1973 |
||
| 300 | _a149P | ||
| 942 |
_cBK _2ddc |
||
| 999 |
_c584267 _d584267 |
||